Remedios Varo : la metamorfosis /

Breve biografía personal y creativa de Remedios Varo, pintora nacida en España en 1908 y muerta en México en 1963. Se da cuenta de su evolución artística, aunque la dimensión surrealista siempre estuvo presente en su obra.

Guardado en:
書目詳細資料
主要作者: Andrade, Lourdes (autor)
格式: 圖書
語言:西班牙语
出版: México : CONACULTA, 2001, c1996
叢編:(Círculo de Arte)
主題:
標簽: 添加標簽
沒有標簽, 成為第一個標記此記錄!

MARC

LEADER 00000nam^a2200000^a^4500
001 000130703
005 20250521000000.0
009 20260310094958.493
020 |a 968-29-8921-3 
037 |a Acervo ITESO - Biblioteca 
041 |a ESP 
082 |a 709. 72  |b CIR V. 59 
100 |a Andrade, Lourdes  |e (autor) 
245 1 0 |a Remedios Varo :  |b la metamorfosis /  |c L. Andrade. 
264 4 |a México :  |b CONACULTA,  |c 2001, c1996 
300 |a 32 p. 
336 |a texto  |b txt  |2 rdacontenido 
337 |a sin mediación  |b n  |2 rdamedio 
338 |a volumen  |b nc  |2 rdasoporte 
440 1 |a (Círculo de Arte) 
520 |a Breve biografía personal y creativa de Remedios Varo, pintora nacida en España en 1908 y muerta en México en 1963. Se da cuenta de su evolución artística, aunque la dimensión surrealista siempre estuvo presente en su obra. 
649 |a XX 
650 |a Pintores Mexicanos 
650 |a Artistas Mexicanos 
650 |a Mujeres Españolas 
650 |a Surrealismo 
650 |a Pintura Mexicana 
650 |a Arte Mexicano -  |y Siglo XX 
650 |a Psicoanálisis y Arte 
650 |a Varo, Remedios 
910 |a Fondo General 
920 |a Impresos - Libros 
930 |a Colección General 
905 |a 101 
901 |a 0500060622  |b IT1  |c ACC  |u 20250521 
902 |a https://opac.biblio.iteso.mx/vufind/Record/000130703